00546nam a2200133 a 4500008004100000050002600041110007100067245010200138260004800240300002000288350000900308650004700317650004800364090423s1987 ||||||||||||||||| || u aGOV.ZAM(058)MOE/1987A aGovernment of the Republic of Zambia. Ministry of Higher Education10aMinistry of higher education annual report for the year 1986cBy the Ministry of Higher Education aLusaka:bMinistry of Higher Educationc1987 aiii, 21p.: ill. a0.00 aEDUCATION--ZAMBIA--HANDBOOKS, MANUALS, ETC aEDUCATION AND STATE--ANNUAL REPORTS--ZAMBIA